000 01145nam0a2200277 4500
001 RU\NLR\bibl\1815913
005 20250616155230.0
021 _aRU
_b2011-66431
_94677
035 _a(NLR Aleph) 001806499
090 _a1813540
_c1813540
100 _a20111004d2011 |||y0rusy50 ca
101 0 _arus
102 _aRU
105 _aach z|||010cy
200 1 _aУтес. 70 лет
_e1941-2011
_e[очерк
_fавт.-сост.: М. И. Шикунова, К. Н. Чечнев]
210 _aУльяновск
_cАльянс медиа
_d2011
215 _a117, [1] с.
_cи., цв. ил., портр., факс.
_d30
601 0 2 _a"Утес", открытое акционерное общество
_cУльяновск, город
_92242955
_3RU\NLR\AUTH\6601577016
686 1 _aУ30(2)585.151.510.92
702 1 _aШикунова
_bМ. И.
_4220
711 0 2 _a"Утес", открытое акционерное общество
_cУльяновск
_9440247
_3RU\NLR\AUTH\880387109
942 _cBOOK
980 _aNB
980 _aNBR